Què és el nou batxillerat
Descripción Física:
58 p. ; 24 cm
Colección:
Temes d' Educació ; 11
Materias:
Ensenyament secundari
MARC
| LEADER | 00000nam a2200000Ia 4500 | ||
|---|---|---|---|
| 001 | 11451 | ||
| 008 | 160829s1996 xx 000 0 cat d | ||
| 080 | |a E-1-67 | ||
| 245 | |a Què és el nou batxillerat | ||
| 260 | |a Barcelona : |b Diputació de Barcelona. Àrea d'Educació, |c 1996 | ||
| 300 | |a 58 p. ; |c 24 cm | ||
| 490 | |a Temes d' Educació ; 11 | ||
| 590 | |a Text elaborat pel Grup de Suport Documental i Informació de la Secció Tècnica del Servei d'Ensenyament de la Diputació de Barcelona | ||
| 650 | |a Ensenyament secundari |9 21878 | ||
| 710 | |a Barcelona (Catalunya : Província). |b Àrea d'Educació |9 8009 | ||
| 901 | |a Arxiu | ||
| 942 | |n 1 | ||
| 952 | |0 0 |1 0 |4 0 |6 E167 |7 1 |9 41970 |a Arxiu |b Arxiu |d 2016-12-01 |l 0 |o E-1-67 |p 11451 |r 2016-12-01 00:00:00 |w 2016-12-01 |y ARXIU | ||
| 999 | |c 44417 |d 44417 | ||